000 00632nam a22002057a 4500
003 OSt
005 20260129070354.0
008 260129b |||||||| |||| 00| 0 eng d
020 _a971-685-680-4.
040 _aDWCL-Main lib
_cOC
082 _aFil. 370.7 C823p 2007
100 _aCorpuz, Brenda B.
245 _aPrinciples of Teaching
_cBrenda B. Cruz
260 _aQuezon City :
_bLorimar Publishing Co. Inc.,
_cc2007.
300 _axiii, 178 pages ;
_c25 cm.
504 _aIncludes bibliographical references.
650 _a1. Education-Study and teaching.
700 _aSalandaan, Gloria G.
942 _2ddc
_cBK - FIL
_kFil.
_n0
999 _c7993
_d7993